| 000 | 01000 a2200229 4500 | ||
|---|---|---|---|
| 020 | _a9971508443 | ||
| 020 | _a9789971508449 | ||
| 082 | 0 | 4 | _a530.11 |
| 090 |
_c352 _d352 |
||
| 100 | 1 | _aCavalese, Italy) Italian Conference on General Relativity and Gravitational Physics (8th : 1988 : | |
| 245 | 1 | 0 |
_a8th italian conference on general relativity and gravitational physics : _bcavalese / _cItaly) Italian Conference on General Relativity and Gravitational Physics (8th : 1988 : Cavalese, R. Cianci, M. Francaviglia, M. Cerdonio, M. Toller. |
| 260 |
_a[S.l.] : _bWorld Scientific Pub Co Inc, _c1989. |
||
| 300 | _a700 p. | ||
| 490 | 1 | _aTrento august 30-september 3, 1988. | |
| 700 | 1 | _aCianci, R. | |
| 700 | 1 | _aFrancaviglia, M. | |
| 700 | 1 | _aCerdonio, M. | |
| 700 | 1 | _aToller, M. | |
| 830 | 0 | _aTrento august 30-september 3, 1988. | |
| 942 |
_aSNS _cBK _k530.11 CER |
||
| 999 |
_c28985 _d28985 |
||